Statistics for U.S. Cities by Percentage of Race

Click here to take the quiz!

General Stats

  • This quiz has been taken 237 times
  • The average score is 32 of 60

Answer Stats

HintAnswer% Correct
82.7%Detroit
89%
33.3%San Francisco
89%
54.8%Honolulu
86%
8.4%Honolulu
86%
70.0%Miami
86%
54.0%Atlanta
84%
2.2%Phoenix
83%
80.7%El Paso
79%
80.8%El Paso
79%
60.2%New Orleans
76%
3.5%Oklahoma City
75%
32.0%San Jose
75%
4.6%Albuquerque
74%
50.7%Washington, D.C.
74%
7.9%Anchorage
73%
2.0%Anchorage
73%
63.7%Baltimore
73%
63.3%Memphis
73%
2.7%Tucson
72%
2.0%Minneapolis
70%
0.6%Las Vegas
68%
63.2%San Antonio
67%
73.4%Birmingham
65%
53.3%Cleveland
65%
5.3%Tulsa
63%
89.0%Boise
62%
18.3%Sacramento
58%
1.4%Sacramento
58%
1.7%Fresno
55%
0.6%Oakland
54%
16.8%Oakland
54%
54.5%Baton Rouge
51%
0.7%Reno
47%
52.4%Newark
45%
87.7%Laredo
44%
95.6%Laredo
44%
2.4%Mesa
43%
78.8%Colorado Springs
41%
1.1%Long Beach
41%
78.9%Madison
38%
59.7%Corpus Christi
37%
80.9%Corpus Christi
37%
52.8%Anaheim
35%
86.0%Lincoln
34%
60.0%San Bernardino
33%
23.7%Jersey City
28%
78.2%Santa Ana
28%
89.3%Scottsdale
28%
21,5%Stockton
27%
0.6%Stockton
27%
1.7%Glendale
26%
94.7%Hialeah
23%
92.6%Hialeah
23%
81.8%Gilbert
22%
39.2%Irvine
22%
58.2%Chula Vista
20%
0.6%Henderson
20%
50.6%Fremont
18%
16.9%Plano
18%
0.8%North Las Vegas
16%

Score Distribution

Percentile by Number Answered

Percent of People with Each Score

Your Score History

You have not taken this quiz